Crystal Palace Squad 2017-2018 - Statistics

General Stats
  • This quiz has been taken 11 times
  • The average score is 22 of 34
Answer Stats
# Position Nation Player % Correct
- Coach Netherlands Frank de Boer
100%
44 DF Netherlands Jairo Riedewald
100%
2 DF England Joel Ward
100%
3 DF Netherlands Patrick van Aanholt
100%
13 GK Wales Wayne Hennessey
100%
11 FW Ivory Coast Wilfried Zaha
100%
9 FW Norway Alexander Sørloth
89%
17 FW Belgium Christian Benteke
89%
18 MF Scotland James McArthur
89%
4 MF Serbia Luka Milivojević
89%
- Coach England Roy Hodgson
89%
7 MF France Yohan Cabaye
89%
26 FW Mali Bakary Sako
78%
5 DF England James Tomkins
78%
15 DF Ghana Jeffrey Schlupp
78%
1 GK Argentina Julián Speroni
78%
12 DF France Mamadou Sakho
78%
14 FW South Korea Chung-yong Lee
67%
27 DF Ireland Damien Delaney
67%
42 MF England Jason Puncheon
67%
23 DF Senegal Pape Souaré
67%
6 DF England Scott Dann
67%
10 FW England Andros Townsend
56%
33 DF Poland Jarosław Jach
56%
21 FW England Connor Wickham
44%
34 DF England Martin Kelly
44%
8 MF England Ruben Loftus-Cheek
44%
22 MF England Jordon Mutch
33%
24 DF Netherlands Timothy Fosu-Mensah
33%
29 DF DR Congo Aaron Wan-Bissaka
22%
25 FW Sierra Leone Sullay Kaikai
22%
16 GK Brazil Diego Cavalieri
11%
31 MF Sweden Erdal Rakip
11%
19 FW England Freddie Ladapo
11%
No matching quizzes found
Score Distribution
Percent of People with Each Score
Percentile by Number Answered
Your Score History
You have not taken this quiz